| 000 | 01067cam a2200325 i 4500 | ||
|---|---|---|---|
| 001 | 28228 | ||
| 003 | BD-RjUL | ||
| 005 | 20211209051244.0 | ||
| 008 | 140329s1887 enk 001 0 eng d | ||
| 035 |
_a(BD-RjUL)28309 _a(OCoLC)38037714 |
||
| 035 | _a6294347 | ||
| 040 |
_aNYP _beng _erda _cNYP _dBD-RjUL |
||
| 041 | _aeng | ||
| 082 | 0 | 4 |
_a200.11 _223 _bSPF 1887 |
| 100 | 1 |
_aSpencer, Herbert, _d1820-1903 _986445 |
|
| 245 | 1 | 0 |
_aFirst principles / _cby Herbert Spencer. |
| 250 | _a5th ed. | ||
| 260 |
_aLondon : _bWilliams & Norgate, _c1887. |
||
| 300 |
_axx, 596, 16 pages ; _c23cm. |
||
| 490 | 0 |
_aA system of synthetic philosophy. _vv. 1 |
|
| 500 | _a"Fifth edition. (Seventh thousand) Containing an Appendix." | ||
| 500 | _aSeries title on half title page. | ||
| 504 | _aIncludes index. | ||
| 650 | 0 |
_aKnowledge, Theory of. _986446 |
|
| 650 | 0 |
_aMetaphysics. _986447 |
|
| 650 | 0 |
_aReligion and science. _986448 |
|
| 650 | 4 |
_aPhilosophy _xSystems and collected works. _986449 |
|
| 830 | 0 |
_aCollection of Jamie and Michael Kassler. _986451 |
|
| 942 |
_2ddc _cBK |
||
| 999 |
_c28228 _d28228 |
||